Bacterial coagulation of latex (Record no. 54636)

MARC details
000 -LEADER
fixed length control field 00430nam a2200157Ia 4500
100 ## - MAIN ENTRY--AUTHOR NAME
Personal name Sachuthananthavale R
245 #0 - TITLE STATEMENT
Title Bacterial coagulation of latex
260 ## - PUBLICATION, DISTRIBUTION, ETC. (IMPRINT)
Name of publisher Rubber Research Institute of Ceylon Quarterly Journal
Year of publication 1971
300 ## - PHYSICAL DESCRIPTION
Number of Pages 182-192
650 ## - SUBJECT ADDED ENTRY--TOPICAL TERM
Topical Term Bacterial coagulation
650 ## - SUBJECT ADDED ENTRY--TOPICAL TERM
Topical Term Hevea
650 ## - SUBJECT ADDED ENTRY--TOPICAL TERM
Topical Term Latex
700 ## - ADDED ENTRY--PERSONAL NAME
Personal name Sachuthananthavale V
942 ## - ADDED ENTRY ELEMENTS (KOHA)
Koha item type Journals
Holdings
Withdrawn status Lost status Damaged status Not for loan Home library Current library Shelving location Date acquired Serial Enumeration / chronology Koha item type
      Journals RRII Library RRII Library Physiology 17/12/2021 Volume 48, Issue 04-Mar Journals